Electoral politics in north-east India (Record no. 456)

MARC details
000 -LEADER
fixed length control field 00544cam a2200205ua 4500
001 - CONTROL NUMBER
control field 518
005 - DATE AND TIME OF LATEST TRANSACTION
control field 20260515113157.0
008 - FIXED-LENGTH DATA ELEMENTS--GENERAL INFORMATION
fixed length control field 110407n ii |||gr||||Z||||||eng
020 ## - INTERNATIONAL STANDARD BOOK NUMBER
International Standard Book Number 0-86131-470-0
040 ## - CATALOGING SOURCE
Transcribing agency MAIN
082 ## - DEWEY DECIMAL CLASSIFICATION NUMBER
Classification number 324.9541
245 1# - TITLE STATEMENT
Title Electoral politics in north-east India
Statement of responsibility, etc. by S.K. Chaube
250 ## - EDITION STATEMENT
Edition statement 1st.
260 ## - PUBLICATION, DISTRIBUTION, ETC.
Place of publication, distribution, etc. Madras:
Name of publisher, distributor, etc. Universities press,985.
300 ## - PHYSICAL DESCRIPTION
Extent ix, 236p:
Dimensions 20cm.
653 ## - INDEX TERM--UNCONTROLLED
Uncontrolled term Political science
653 ## - INDEX TERM--UNCONTROLLED
Uncontrolled term Electoral politics in north-east India
700 ## - ADDED ENTRY--PERSONAL NAME
Personal name Chaube, S.K.,
Relator term Author.
942 ## - ADDED ENTRY ELEMENTS (KOHA)
Koha item type Books
Holdings
Withdrawn status Lost status Damaged status Not for loan Home library Current library Shelving location Date acquired Total checkouts Full call number Barcode Date last seen Copy number Price effective from Koha item type
        Naharkatiya College Library Naharkatiya College Library General stacks 09/19/2020   324.9541 | CHA 499p 09/19/2020 1 09/19/2020 Books